Trhoviskám zvoní umieráčik

Vývoj maloobchodnej siete s módou a odevmi za posledných desať rokov v Čechách. Rastie obľuba nákupov vo veľkých predajniach. Typy predajní, v ktorých spotrebitelia najviac nakupú oblečenie.

Salvato in:
Dettagli Bibliografici
Natura: Capitolo di libro
Lingua:slovacco
Soggetti:
Tags: Aggiungi Tag
Nessun Tag, puoi essere il primo ad aggiungerne!!

MARC

LEADER 00000naa a2200000 4500
001 r045903
005 20231004094203.2
041 0 |a slo 
044 |a SK 
245 1 0 |a Trhoviskám zvoní umieráčik 
520 |a Vývoj maloobchodnej siete s módou a odevmi za posledných desať rokov v Čechách. Rastie obľuba nákupov vo veľkých predajniach. Typy predajní, v ktorých spotrebitelia najviac nakupú oblečenie. 
610 2 0 |a siete maloobchodné 
610 2 0 |a odevy 
610 2 0 |a predajne 
610 2 0 |a prieskum spotrebiteľský 
610 2 0 |a Česko